000 00547nam a2200229 a 4500
001 0001-1416
003 ELIB.Books
008 160805 2010 eng
020 _aKBTS
035 _a(ELIB.Books)0001-1571
092 _a398.9
_bExl
100 _aExley, Hellen.
245 _aWisdom for the New Millennium
260 _aNew York
_bHallman Books
_c1999
300 _c15.5 Cm
650 _aProberbs
856 _nKBTS Library
_uKBTS: ELIB
942 _2ddc
_cBK
990 _a1
998 _cbat
_e2016-08-05
999 _c11416
_d11416